[Event "COL-ch sf"]
[Site "Pereira"]
[Date "2024.03.31"]
[Round "11"]
[White "Tobar Beltran, Carlos Andres"]
[Black "Mendoza Vega, Rafael Enrique"]
[Result "1-0"]
[WhiteElo "1946"]
[BlackElo "2254"]
[PlyCount "57"]
[EventDate "2024.03.26"]
[EventType "swiss"]
[EventRounds "11"]
[EventCountry "COL"]
[SourceTitle "CB14_2024"]
[SourceDate "2024.04.01"]
[SourceVersion "1"]
[SourceVersionDate "2024.04.01"]
[SourceQuality "1"]

1. Nf3 Nf6 2. d4 g6 3. c4 Bg7 4. Nc3 d5 5. cxd5 Nxd5 6. e4 Nxc3 7. bxc3 0-0 8. Bc4 Nc6 9. 0-0 b6 10. Be3 Bb7 11. Qe2 Na5 12. Bd3 e6 13. Rad1 f5 14. Bg5 Qe8 15. Ne5 Bxe5 16. dxe5 Qc6 17. Bb5 Qxe4 18. Qxe4 Bxe4 19. Bd7 Kf7 20. f3 Bd5 21. Rxd5 exd5 22. e6+ Kg7 23. Bf4 Kf6 24. Bxc7 Rac8 25. Bd6 Nc4 26. Bxf8 Rxf8 27. Rd1 Ne5 28. Rxd5 Rd8 29. Rxe5 1-0

[Event "COL-ch sf"]
[Site "Pereira"]
[Date "2024.03.30"]
[Round "9"]
[White "Mendoza Vega, Rafael Enrique"]
[Black "Garzon Camelo, Andres Santiago"]
[Result "1-0"]
[WhiteElo "2254"]
[BlackElo "2081"]
[PlyCount "143"]
[EventDate "2024.03.26"]
[EventType "swiss"]
[EventRounds "11"]
[EventCountry "COL"]
[SourceTitle "CB14_2024"]
[SourceDate "2024.04.01"]
[SourceVersion "1"]
[SourceVersionDate "2024.04.01"]
[SourceQuality "1"]

1. e4 e5 2. Nf3 Nc6 3. Bb5 a6 4. Ba4 Nf6 5. d3 b5 6. Bb3 d6 7. c3 Be7 8. 0-0 0-0 9. Re1 Na5 10. Bc2 c5 11. Nbd2 Re8 12. Nf1 h6 13. Ng3 Bf8 14. h3 Be6 15. d4 cxd4 16. cxd4 Rc8 17. d5 Bd7 18. b3 Nb7 19. b4 a5 20. a3 axb4 21. axb4 Ra8 22. Be3 Qc7 23. Qd2 Rec8 24. Bd3 Ra4 25. Ne2 Rca8 26. Qb2 Qb8 27. Nc3 Rxa1 28. Rxa1 Nd8 29. Nd2 Rxa1+ 30. Qxa1 g5 31. Kh2 g4 32. h4 g3+ 33. Kxg3 Ng4 34. Nf1 Qc8 35. f3 Nxe3 36. Nxe3 Qc7 37. Nf5 Bxf5 38. exf5 Qb6 39. Qe1 Qd4 40. Qe4 Kg7 41. Qxd4 exd4 42. Ne4 f6 43. Bxb5 Kf7 44. Kf2 Ke7 45. g4 Nf7 46. f4 Bg7 47. h5 Bh8 48. Ke2 Kd8 49. Kd3 Kc7 50. Kxd4 Kd8 51. Bc6 Kc7 52. Kc4 Nd8 53. b5 Nf7 54. Kb4 Kb6 55. Be8 Nd8 56. Nxd6 Bg7 57. Nc4+ Kc7 58. b6+ Kb8 59. Kb5 Bf8 60. d6 Bg7 61. Na5 Bf8 62. Nc6+ Nxc6 63. Kxc6 Kc8 64. Bd7+ Kd8 65. Be8 Kc8 66. g5 fxg5 67. fxg5 hxg5 68. f6 g4 69. Bd7+ Kd8 70. b7 Bxd6 71. Kxd6 g3 72. b8Q# 1-0

[Event "COL-ch sf"]
[Site "Pereira"]
[Date "2024.03.29"]
[Round "6"]
[White "Mendoza Vega, Rafael Enrique"]
[Black "Velasquez, Andres Felipe"]
[Result "1-0"]
[WhiteElo "2254"]
[BlackElo "1972"]
[PlyCount "77"]
[EventDate "2024.03.26"]
[EventType "swiss"]
[EventRounds "11"]
[EventCountry "COL"]
[SourceTitle "CB14_2024"]
[SourceDate "2024.04.01"]
[SourceVersion "1"]
[SourceVersionDate "2024.04.01"]
[SourceQuality "1"]

1. e4 c5 2. Nf3 d6 3. d4 cxd4 4. Nxd4 Nf6 5. Nc3 a6 6. h3 e6 7. g4 h6 8. Bg2 g5 9. Nb3 Be7 10. f4 gxf4 11. Bxf4 Nc6 12. Qe2 Ne5 13. 0-0-0 Qc7 14. Kb1 b5 15. Qf2 Bb7 16. Bxe5 dxe5 17. Rhf1 Bc6 18. Nd5 Bxd5 19. exd5 0-0-0 20. d6 Rxd6 21. Rxd6 Qxd6 22. Qa7 Rg8 23. Na5 e4 24. Qb7+ Kd8 25. Nc6+ Ke8 26. Qc8+ Bd8 27. Qxd8+ Qxd8 28. Nxd8 Nxg4 29. hxg4 Rxg4 30. Nxf7 Rxg2 31. Nd6+ Ke7 32. Nxe4 h5 33. Kc1 h4 34. Rh1 Rg4 35. Nf2 Rg2 36. Nd3 Rg4 37. Ne5 Ra4 38. Rxh4 Rxa2 39. Kb1 1-0

[Event "COL-ch sf"]
[Site "Pereira"]
[Date "2024.03.28"]
[Round "5"]
[White "Rodriguez Valencia, Sebastian"]
[Black "Mendoza Vega, Rafael Enrique"]
[Result "0-1"]
[WhiteElo "1894"]
[BlackElo "2254"]
[PlyCount "44"]
[EventDate "2024.03.26"]
[EventType "swiss"]
[EventRounds "11"]
[EventCountry "COL"]
[SourceTitle "CB14_2024"]
[SourceDate "2024.04.01"]
[SourceVersion "1"]
[SourceVersionDate "2024.04.01"]
[SourceQuality "1"]

1. c4 e5 2. g3 Nf6 3. Bg2 d5 4. cxd5 Nxd5 5. Nc3 Nb6 6. Nf3 Nc6 7. a3 Be7 8. b4 Be6 9. Rb1 0-0 10. b5 Nd4 11. Nxe5 Bf6 12. Nf3 Nxf3+ 13. Bxf3 Bh3 14. Qb3 Re8 15. Ne4 Be7 16. d3 a6 17. Nc3 axb5 18. Bxb7 Rb8 19. Bc6 Nd7 20. Qd5 b4 21. Nb5 bxa3 22. Bxa3 Rxb5 0-1

[Event "COL-ch sf"]
[Site "Pereira"]
[Date "2024.03.27"]
[Round "4"]
[White "Mendoza Vega, Rafael Enrique"]
[Black "Parra Varon, Diego Alexander"]
[Result "1/2-1/2"]
[WhiteElo "2254"]
[BlackElo "1923"]
[PlyCount "58"]
[EventDate "2024.03.26"]
[EventType "swiss"]
[EventRounds "11"]
[EventCountry "COL"]
[SourceTitle "CB14_2024"]
[SourceDate "2024.04.01"]
[SourceVersion "1"]
[SourceVersionDate "2024.04.01"]
[SourceQuality "1"]

1. e4 c5 2. Nc3 e6 3. g3 a6 4. Bg2 Nc6 5. Nge2 Nf6 6. d4 cxd4 7. Nxd4 d5 8. exd5 Nxd5 9. Nxc6 bxc6 10. Ne4 Be7 11. 0-0 Bb7 12. Qe2 0-0 13. Rd1 Qc7 14. Bd2 c5 15. c4 Nb4 16. a3 Nc6 17. Bc3 e5 18. h4 h6 19. Nd2 Nd4 20. Bxd4 exd4 21. Re1 Bxg2 22. Kxg2 Bd6 23. Qf3 Rab8 24. Rab1 Qa5 25. Qd3 Rfe8 26. Rxe8+ Rxe8 27. Nf3 Qb6 28. Kg1 Qb7 29. Kg2 Rb8 1/2-1/2

[Event "COL-ch sf"]
[Site "Pereira"]
[Date "2024.03.26"]
[Round "1"]
[White "Tascon Castro, Diego Alejandro"]
[Black "Mendoza Vega, Rafael Enrique"]
[Result "0-1"]
[WhiteElo "1831"]
[BlackElo "2254"]
[PlyCount "54"]
[EventDate "2024.03.26"]
[EventType "swiss"]
[EventRounds "11"]
[EventCountry "COL"]
[SourceTitle "CB14_2024"]
[SourceDate "2024.04.01"]
[SourceVersion "1"]
[SourceVersionDate "2024.04.01"]
[SourceQuality "1"]

1. d4 Nf6 2. e3 g6 3. Bd3 Bg7 4. Nf3 d5 5. Nbd2 c5 6. c3 Nc6 7. e4 cxd4 8. cxd4 dxe4 9. Nxe4 0-0 10. Be3 Nd5 11. Nc3 Nxe3 12. fxe3 e5 13. d5 Nb4 14. Bc4 e4 15. Nd4 Qg5 16. Qe2 Bg4 17. Qd2 Bxd4 18. exd4 e3 19. Qc1 Qf4 20. Nd1 Bxd1 21. Kxd1 Qxd4+ 22. Ke2 Rac8 23. b3 b5 24. Qe1 Nc2 25. Qd1 bxc4 26. Qxc2 cxb3 27. Qd3 Rc2+ 0-1